Železnice a ochrana životního prostředí. Ke koncepci dopravní politiky.

Charakteristika čs. tarifného systému na železnici a porovnanie výšky cestovného s európskymi krajinami. Rôzne ciele určujúce tarifné opatrenia. Vplyv nutnosti ochrany životného prostredia na zlacnenie hromadnej prepravy osôb na železnici. Nemožnosť považovať za hlavné kritérium rozvoja železníc zis...

Descrizione completa

Salvato in:
Dettagli Bibliografici
Autore principale: Stejskal, P.
Natura: Capitolo di libro
Lingua:ceco
Soggetti:
Tags: Aggiungi Tag
Nessun Tag, puoi essere il primo ad aggiungerne!!

MARC

LEADER 00000naa a2200000 4500
001 r005131
005 20221125080348.2
041 0 |a cze 
044 |a [CS] 
245 1 0 |a Železnice a ochrana životního prostředí.  |b Ke koncepci dopravní politiky.  |c P. Stejskal 
520 |a Charakteristika čs. tarifného systému na železnici a porovnanie výšky cestovného s európskymi krajinami. Rôzne ciele určujúce tarifné opatrenia. Vplyv nutnosti ochrany životného prostredia na zlacnenie hromadnej prepravy osôb na železnici. Nemožnosť považovať za hlavné kritérium rozvoja železníc ziskovosť. Treba brať do úvahy nákladovosť a zvýšenie záujmu motoristov o hromadnú dopravu. 
610 2 0 |a ekológia 
610 2 0 |a železnice 
610 2 0 |a politika dopravná 
610 2 0 |a tarify dopravné 
610 2 0 |a cestovné 
610 2 0 |a ČSFR 
100 1 |a Stejskal, P.